Devinez ces 10 mots grâce à leur définition #2 (Mots en B) - Statistiques

Statistiques générales
  • Ce quiz a été pris 39 fois
    14 depuis la dernière actualisation
  • Le résultat moyen est 7 sur 10
Statistiques - réponses
Définition Mot % Correct
Mammifère cétacé des mers arctiques, parfois appelé baleine blanche (n.m.) B{élouga}
92%
Dans peu de temps, dans un proche futur (adv.) B{ientôt}
92%
Short descendant jusqu'aux genoux (n.m.) B{ermuda}
85%
Local réservé à la lessive, aux lavages, dans une maison (n.f.) B{uanderie}
85%
Livre qui a obtenu un grand succès de librairie (n.m.) B{est}-{seller}
77%
Chasser sans permis, ou à une période, en un lieu, avec des engins interdits (v.) B{raconner}
69%
Préparer hâtivement un examen en vue du seul succès pratique (v.) B{achoter}
54%
Ruban plat pour ficeler les petits paquets, les cadeaux (n.m.) B{olduc}
54%
Danse espagnole à trois temps, de rythme lent (n.m.) B{oléro}
46%
Ouvrage militaire défensif, fortifié de béton (n.m.) B{lockhaus}
15%
Aucun quiz correspondant
Distribution des résultats
% des personnes avec chaque résultat
Percentile par nombre de réponses
Votre historique - résultats
Vous n’avez pas pris ce quiz depuis la dernière actualisation